|
|
|
|
| LEADER |
00770nam a2200205 a 4500 |
| 008 |
100506s1985 bg a b 000 0 eng d |
| 020 |
|
|
|a 001287
|
| 040 |
|
|
|a BD-DhAAL
|c BD-DhAAL
|d BD-DhAAL
|d BD-DhAAL
|
| 082 |
0 |
0 |
|a 410
|2 21
|
| 100 |
1 |
|
|a Varshney, Radhey L.
|
| 245 |
1 |
0 |
|a An introductory textbook of Linguistics & Phonetics /
|c Radhey L.Varshney
|
| 260 |
|
|
|a Dhaka :
|b BOC,
|c 1985.
|
| 300 |
|
|
|a 413 p. :
|b ill. ;
|c 21 cm.
|
| 504 |
|
|
|a Includes Bibliographical References.
|
| 541 |
1 |
|
|e 00013696
|
| 650 |
|
0 |
|a Linguistics
|
| 650 |
|
0 |
|a Phonetics
|
| 852 |
4 |
|
|a Ayesha Abed Library
|j General shelf
|
| 999 |
|
|
|c 8430
|d 8430
|
| 952 |
|
|
|0 0
|1 0
|2 ddc
|4 0
|6 410_000000000000000_VAR
|7 0
|9 9894
|a BRACUL
|b BRACUL
|c GEN
|d 2010-05-06
|g 145.00
|l 6
|m 24
|o 410 VAR
|p 3010013696
|r 2014-12-23
|s 2014-10-29
|t 1
|w 2010-05-06
|y BK
|